| 000 | 00885nam a2200229 a 4500 | ||
|---|---|---|---|
| 001 | 44623 | ||
| 003 | BD-RjUL | ||
| 005 | 20211209053906.0 | ||
| 008 | 160718s1967 bg ||||| |||| 00| 0 ben d | ||
| 020 | _c: PRs.12.00 | ||
| 035 | _a(BD-RjUL)44741 | ||
| 040 |
_aBD-RjUL _bben _cBD-RjUL _dBD-RjUL |
||
| 041 | _aben | ||
| 082 |
_223 _a954.9204 _bWAJ 1967 |
||
| 100 |
_aওয়ালিউল্লাহ্, মোহাম্মদ _9136886 |
||
| 245 | 1 | 0 |
_aযুগ বিচিত্রা / _cমোহাম্মদ ওয়ালিউল্লাহ্, |
| 260 |
_aঢাকা : _bমাওলা ব্রাদার্স, _c১৯৬৭ |
||
| 300 |
_aii, ৫৩২ পৃ. ; _c২৩ সেমি. |
||
| 650 |
_aইতিহাস _zবাংলাদেশ _y১৯৪৭-১৯৭১ _9136887 |
||
| 650 |
_aHistory _zBangladesh _y1947-1971 _9136888 |
||
| 942 |
_2ddc _cBK |
||
| 999 |
_c44623 _d44623 |
||